000 03471cam a22006734i 4500
003 PE-LiUPU
005 20250731180053.0
008 160119s2014 ck a rb 000 0 spa d
020 _a9789588642451
_q(Tomo 1)
020 _a9789588642468
_q(Tomo 2)
035 _a(Sirsi) i9789588642451
040 _aCO-BoBLA
_bspa
_cCO-BoBLA
_dPE-LiUPU
_erda
049 _aPRUA
082 0 4 _a572.3
_bW68
_221
100 1 _aWilches Torres, Miriam Andrea,
_eautor.
245 1 0 _aManual de bioquímica /
_cMiriam Andrea Wilches Torres, Germán Javier Arias Holguín.
264 1 _aTunja :
_bEditorial Universidad de Boyacá, Centro de Investigaciones para el Desarrollo - CIPADE, Facultad de Ciencias e Ingeniería,
_c2013.
300 _a2 Tomos :
_bilustraciones ;
_c29 centímetros
336 _atext
_2rdacontent
337 _aunmediated
_2rdamedia
338 _avolume
_2rdacarrier
504 _aBibliografía.
505 0 0 _gTomo 1.
_aReglamento interno del laboratorio -- pH y acción amortiguadora de los aminoácidos -- Propiedades físico-químicas de los aminoácidos -- Propiedades físico-químicas de las proteínas -- Cinética enzimática -- Transporte electrónico -- Identificación de mono y disacáridos -- Glucogenólisis hepática -- Características físico-químicas de los ácidos grasos -- Bibliografía.
505 0 0 _gTomo 2.
_aReglamento interno del laboratorio -- Reconocimiento de las propiedades físico-químicas de algunos lípidos -- Catabolismo de aminoácidos: ureogénesis -- Análisis físico-químico de la orina -- Espectrofotometría de naranja de metilo -- Espectrofotometría de la hemoglobina -- Función amortiguadora de la sangre -- Nucleoproteínas: extración y caracterización -- Bioquímica de hormonas: regulación hormonal de la glicemia -- Bibliografía.
526 _aSEG44
526 _aSEG26
526 _aP159
526 _aP155
526 _aP154
526 _aP153
526 _aP150
526 _aP100
526 _aP31
526 _aP30
526 _aP26
526 _aP25
526 _aP24
526 _aP22
526 _aP15
526 _aP10
541 _g001-003081;
650 4 _aAcidos grasos
_xPropiedades fisicoquimicas
_vManuales.
650 4 _aAminoácidos
_vManuales.
650 4 _aBioquímica
_vManuales de laboratorio.
650 4 _aLípidos
_xPropiedades fisicoquimicas
_vManuales .
650 4 _aNucleoproteínas
_vManuales.
650 4 _aProteínas
_xPropiedades fisicoquimicas
_vManuales.
650 4 _aSacaridos
_vManuales.
650 4 _aSintesis de la hemoglobina
_vManuales.
700 1 _aArias Holguín, Germán Javier,
_eautor.
910 _aaas
_bjv
_caas
_d20160119
942 _2ddc
_cBOOK
949 _aPGE 572.3 W68 1
_wDEWEY
_c1
_i72307
_lCCODEBUL1
_mBUL
_p36.60
_r0
_sY
_tBOOK
_u2016-1-19
_xEDUCACION
_PP57
_0COMPRA
_o.STAFF. Posgrado
949 _aPGE 572.3 W68 2
_wDEWEY
_c2
_i72308
_lCCODEBUL1
_mBUL
_p36.60
_r0
_sY
_tBOOK
_u2016-1-19
_xEDUCACION
_PP57
_0COMPRA
_o.STAFF. Posgrado
994 _aC0
_bPEPRU
596 _a1
999 _aPGE 572.3 W68 1
_wDEWEY
_c8487
_i72307
_d8487
_e2019-6-17
_f2021-11-5
_g5
_lCCODEBUL1
_mBUL
_n1
_p36.60
_r0
_sY
_tBOOK
_u2016-1-19
_xBIBLIOTECA
_PP57
_0COMPRA
_o.STAFF. Posgrado
999 _aPGE 572.3 W68 2
_wDEWEY
_c2
_i72308
_d2022-5-9
_f2021-11-8
_g5
_lCCODEBUL1
_mBUL
_p36.60
_q2
_r0
_sY
_tBOOK
_u2016-1-19
_xEDUCACION
_PP57
_0COMPRA
_o.STAFF. Posgrado
980 _81
_gALBERTO SANCHEZ Responsable de Automatización